000 03857nam a2200469 4500
001 OTLid0000464
003 MnU
005 20201105133331.0
006 m o d s
008 180907s2017 mnu o 0 0 eng d
020 _a
040 _aMnU
_beng
_cMnU
050 4 _aH1
050 4 _aHM621
050 4 _aHQ1101
050 4 _aGN25
050 4 _aBL1
245 0 0 _aPerspectives
_bAn Open Invitation to Cultural Anthropology
_cNina Brown
264 2 _bOpen Textbook Library
264 1 _bAmerican Anthropological Association
300 _a1 online resource
490 0 _aOpen textbook library.
505 0 _a1. The Development of Anthropological Ideas -- 2. The Culture Concept -- 3. Doing Fieldwork: Methods in Cultural Anthropology -- 4. Language -- 5. Subsistence -- 6. Economics -- 7. Political Anthropology: A Cross-Cultural Comparison -- 8. Family and Marriage -- 9. Race and Ethnicity -- 10. Gender and Sexuality -- 11. Religion -- 12. Globalization -- 13. Culture and Sustainability -- 14. Performance -- 15. Health and Medicine -- 16. Seeing Like an Anthropologist: Anthropology in Practice -- 17. Media Anthropology: Meaning, Embodiment, Infrastructure, and Activism -- 18. Public Anthropology
520 0 _aWe are delighted to bring to you this novel textbook, a collection of chapters on the essential topics in cultural anthropology. Different from other introductory textbooks, this book is an edited volume with each chapter written by a different author. Each author has written from their experiences working as an anthropologist and that personal touch makes for an accessible introduction to cultural anthropology. Our approach to cultural anthropology is holistic. We see the interconnectedness of cultural practicesand, in all of the chapters, we emphasize the comparison of cultures and the ways of life ofdifferent peoples. We start with Laura Nader's observation that cultural differences need not be seenas a problem. In our complicated world of increasing migration, nationalism, and climate challenges,cultural diversity might actually be the source of conflict resolution and new approaches to ensuringa healthier world. Indeed, as Katie Nelson reminds us, anthropology exposes the familiarity in theideas and practices of others that seem bizarre. Robert Borofsky advocates for anthropology's abilityto empower people and facilitate good. Borofsky calls on anthropologists to engage with a widerpublic to bring our incredible stories and important insights to helping resolve the most critical issueswe face in the world today. This book brings Nader, Nelson, Borofsky, and many others together todemonstrate that our anthropological understandings can help all of us to improve the lives of peoplethe world over. We need you, as students, to see the possibilities. As instructors, we want to help youshare anthropological knowledge and understanding easily. We want all readers to be inspired by theintensely personal writings of the anthropologists who contribute to this volume.
542 1 _fAttribution-NonCommercial
546 _aIn English.
588 0 _aDescription based on print resource
650 0 _aSocial sciences
_vTextbooks
650 0 _aCultural and Ethnic Studies
_vTextbooks
650 0 _aGender and Sexuality Studies
_vTextbooks
650 0 _aAnthropology
_vTextbooks
650 0 _aReligion
_vTextbooks
700 1 _aBrown, Nina
_eeditor
700 1 _aGonzalez, Laura
_eeditor
700 1 _aMcllwraith, Thomas
_eeditor
710 2 _aOpen Textbook Library
_edistributor
856 4 0 _uhttps://open.umn.edu/opentextbooks/textbooks/464
_zAccess online version
999 _c19847
_d19847